Statistiken für Länder, die mit einem Vokal beginnen

Klicken Sie hier um das Quiz zu spielen!

Allgemein

  • Dieses Quiz wurde 1.134 mal gespielt
  • Das Durchschnittsergebnis liegt bei 27 aus 34

Antwortstatistiken

Länder% Korrekt
AfrikaÄgypten
88%
EuropaAlbanien
88%
EuropaAndorra
88%
OzeanienAustralien
88%
EuropaIrland
87%
EuropaIsland
87%
EuropaEstland
86%
AfrikaAngola
85%
AsienArmenien
83%
AfrikaEritrea
83%
AsienIndien
83%
AfrikaAlgerien
82%
AmerikaArgentinien
82%
AsienAserbaidschan
81%
AfrikaÄthiopien
81%
AsienIndonesien
81%
AsienOman
81%
AsienIrak
80%
AsienIran
80%
EuropaItalien
80%
EuropaUngarn
80%
AmerikaUruguay
80%
AfrikaUganda
78%
AsienUsbekistan
76%
EuropaÖsterreich
75%
AsienAfghanistan
73%
AmerikaAntigua und Barbuda
72%
AmerikaEcuador
71%
EuropaUkraine
71%
AsienIsrael
70%
AfrikaÄquatorialguinea
66%
AsienOsttimor
57%
AmerikaEl Salvador
56%
AfrikaElfenbeinküste
54%

Verteilung der Resultate

Perzentil nach korrekt beantworteten Fragen

Anzahl Personen mit jedem Resultat

Ihre Resultats-Entwicklung

Sie haben dieses Quiz noch nicht gespielt